Benchmarking urban regeneration (Record no. 103185)

MARC details
000 -LEADER
fixed length control field 01428cam a2200253 4500
008 - FIXED-LENGTH DATA ELEMENTS--GENERAL INFORMATION
fixed length control field 031107n2003 000 0 eng u
020 ## - INTERNATIONAL STANDARD BOOK NUMBER
International Standard Book Number 1842191705
035 ## - SYSTEM CONTROL NUMBER
System control number (Sirsi) u124261
041 ## - LANGUAGE CODE
Language code of text/sound track or separate title eng
050 ## - LIBRARY OF CONGRESS CALL NUMBER
Classification number 711.52
-- 18
110 ## - MAIN ENTRY--CORPORATE NAME
Corporate name or jurisdiction name as entry element Royal Institution of Chartered Surveyors
Subordinate unit Foundation
9 (RLIN) 4173
245 ## - TITLE STATEMENT
Title Benchmarking urban regeneration
260 ## - PUBLICATION, DISTRIBUTION, ETC.
Place of publication, distribution, etc. London
Name of publisher, distributor, etc. RICS Foundation
Date of publication, distribution, etc. 2003
300 ## - PHYSICAL DESCRIPTION
Extent 24p.
Dimensions 21cm
520 ## - SUMMARY, ETC.
Summary, etc. Without adequate information, investors are unwilling to allocate funds to a project or an investment opportunity. There are many areas of our towns and cities that need urban regeneration which are being deprived of much-needed investment because investors are unsure of the returns that they could expect. This research has developed a property performance index for urban regeneration areas. The results show that it is possible to achieve financial returns that exceed recognised performance benchmarks. This finding is important in changing perceptions in investment decision-making and in the encouragement of private finance into urban regeneration.
650 ## - SUBJECT ADDED ENTRY--TOPICAL TERM
Topical term or geographic name entry element URBAN REGENERATION
650 ## - SUBJECT ADDED ENTRY--TOPICAL TERM
Topical term or geographic name entry element INVESTMENT
650 ## - SUBJECT ADDED ENTRY--TOPICAL TERM
Topical term or geographic name entry element BENCHMARKING
650 ## - SUBJECT ADDED ENTRY--TOPICAL TERM
Topical term or geographic name entry element PRIVATE FINANCE
650 ## - SUBJECT ADDED ENTRY--TOPICAL TERM
Topical term or geographic name entry element PROPERTY PERFORMANCE
690 ## - LOCAL SUBJECT ADDED ENTRY--TOPICAL TERM (OCLC, RLIN)
Topical term or geographic name as entry element REGENERATION
856 ## - ELECTRONIC LOCATION AND ACCESS
Uniform Resource Identifier <a href="https://www.rics.org/site/scripts/download_info.aspx?downloadID=2112">https://www.rics.org/site/scripts/download_info.aspx?downloadID=2112</a>
Public note View the report on the RICS Foundation website...
942 ## - ADDED ENTRY ELEMENTS (KOHA)
Suppress in OPAC 0
Holdings
Withdrawn status Lost status Source of classification or shelving scheme Damaged status Not for loan Home library Current library Shelving location Date acquired Total Checkouts Full call number Barcode Date last seen Copy number Price effective from Koha item type Date last checked out
    Dewey Decimal Classification     London London RICS Boxes 07/01/2004   RICS 2003/39 30068954 06/08/2019 1 06/08/2019 Archive  
    Dewey Decimal Classification     London London RICS Boxes 07/01/2004   RICS 2003/39 30068955 06/08/2019 2 06/08/2019 Reference material  
    Dewey Decimal Classification     London London RICS Boxes 07/01/2004 3 RICS 2003/39 30068956 06/08/2019 3 06/08/2019 Book 14/08/2007
    Dewey Decimal Classification     Virtual Virtual Online 16/01/2004   ONLINE PUBLICATION 124261-2001 06/08/2019 1 06/08/2019 Book